[Event "Frankfurt-ch"]
[Site "Frankfurt"]
[Date "2010.05.17"]
[Round "4"]
[White "Bitzer, Andre"]
[Black "Popp, Matthias"]
[Result "1/2-1/2"]
[WhiteElo "1720"]
[BlackElo "1525"]
[PlyCount "84"]
[EventDate "2010.04.26"]
[EventType "swiss"]
[EventRounds "7"]
[EventCountry "GER"]
[SourceTitle "EXT 2011"]
[Source "ChessBase"]
[SourceDate "2010.11.26"]
[SourceVersion "1"]
[SourceVersionDate "2010.11.26"]
[SourceQuality "1"]

1. b3 Nf6 2. Bb2 d6 3. f4 c6 4. g3 Qb6 5. Bg2 Nbd7 6. Nf3 Nc5 7. e3 Bg4 8. 0-0 Nce4 9. Qe2 0-0-0 10. d3 Nc5 11. Nbd2 d5 12. h3 Bxf3 13. Nxf3 e6 14. Ne5 Qc7 15. Rac1 Ne8 16. Rfd1 f6 17. Nf3 Nd6 18. c4 Nf5 19. g4 Ne7 20. cxd5 Nxd5 21. Bd4 Nd7 22. Qb2 Bd6 23. Bxa7 b6 24. Nd4 Bc5 25. Bxd5 exd5 26. Ne6 Bxe3+ 27. Kg2 Bxc1 28. Rxc1 Qxa7 29. Rxc6+ Kb8 30. Rc7 Qa6 31. Qf2 Rhe8 32. Rc6 Rc8 33. Rd6 Qb7 34. Nxg7 d4+ 35. Kg3 Re3+ 36. Kh4 Nc5 37. Rxd4 Rxd3 38. Nh5 Rxd4 39. Qxd4 Qd7 40. Qxf6 Rc6 41. Qf8+ Rc8 42. Qh6 Rc6 1/2-1/2

[Event "Frankfurt-ch"]
[Site "Frankfurt"]
[Date "2010.05.03"]
[Round "2"]
[White "Bitzer, Andre"]
[Black "Hartmann, Stephan"]
[Result "1-0"]
[WhiteElo "1720"]
[BlackElo "1406"]
[PlyCount "101"]
[EventDate "2010.04.26"]
[EventType "swiss"]
[EventRounds "7"]
[EventCountry "GER"]
[SourceTitle "EXT 2011"]
[Source "ChessBase"]
[SourceDate "2010.11.26"]
[SourceVersion "1"]
[SourceVersionDate "2010.11.26"]
[SourceQuality "1"]

1. b3 e5 2. Bb2 Nc6 3. Nf3 d6 4. d4 exd4 5. Nxd4 Nxd4 6. Qxd4 Nf6 7. c4 Be7 8. Nc3 0-0 9. e4 Nd7 10. Nd5 f6 11. 0-0-0 Nb6 12. Nxe7+ Qxe7 13. Bd3 Qe5 14. Qe3 Qe7 15. f4 Bg4 16. Rdg1 Rae8 17. Re1 Nd7 18. Kd2 Nc5 19. Bc2 Bd7 20. b4 Na4 21. Ba3 Nb6 22. Bb3 Kh8 23. Qd4 Ba4 24. Re3 Bxb3 25. axb3 Rd8 26. Rhe1 Nd7 27. Kc2 Qe6 28. Bb2 Qg4 29. g3 a6 30. Rd3 Qg6 31. Qd5 b6 32. Qc6 b5 33. Qxc7 bxc4 34. bxc4 Qf7 35. c5 Qc4+ 36. Bc3 Qa2+ 37. Kd1 Qb3+ 38. Ke2 Qc4 39. Kd2 Qa2+ 40. Ke3 Qxh2 41. Qxd6 Qxg3+ 42. Kd2 Qxd3+ 43. Kxd3 Nb8 44. e5 Rxd6+ 45. exd6 Kg8 46. Kd4 Kf7 47. Re7+ Kg6 48. Kd5 h5 49. Be1 f5 50. c6 Kf6 51. Bh4+ 1-0

[Event "Frankfurt-ch"]
[Site "Frankfurt"]
[Date "2005.04.25"]
[Round "1"]
[White "Karsten, Heinrich"]
[Black "Bitzer, Andre"]
[Result "0-1"]
[WhiteElo "1975"]
[BlackElo "1624"]
[PlyCount "98"]
[EventDate "2005.04.25"]
[EventType "swiss"]
[EventRounds "7"]
[EventCountry "GER"]
[SourceTitle "EXT 2006"]
[Source "ChessBase"]
[SourceDate "2005.11.24"]
[SourceVersion "1"]
[SourceVersionDate "2005.11.24"]
[SourceQuality "1"]

1. c4 Nf6 2. g3 e6 3. Bg2 d5 4. Nf3 Nc6 5. b3 b6 6. 0-0 Bb7 7. Bb2 Bd6 8. d4 0-0 9. Nc3 Ne7 10. Re1 c5 11. e4 dxe4 12. Ng5 cxd4 13. Ncxe4 Nxe4 14. Nxe4 Nc6 15. Nxd6 Qxd6 16. Bxd4 Qxd4 17. Qxd4 Nxd4 18. Bxb7 Rab8 19. Rad1 Rfd8 20. Be4 Ne2+ 21. Kf1 Rxd1 22. Rxd1 Nc3 23. Re1 Nxa2 24. Ra1 Nc3 25. Bf3 a5 26. Rc1 Na2 27. Rd1 Nb4 28. Rd6 Na6 29. Bd1 g6 30. Ke2 Nc5 31. Ke3 Kf8 32. Bc2 Ke7 33. Rd1 Rd8 34. Rxd8 Kxd8 35. Kd4 Ke7 36. f4 f6 37. h4 Kd6 38. Kc3 e5 39. b4 axb4+ 40. Kxb4 e4 41. Kc3 Ke6 42. Kd4 f5 43. Bd1 Kd6 44. h5 Ne6+ 45. Kc3 Kc5 46. hxg6 hxg6 47. Ba4 Ng7 48. Bb5 Nh5 49. Be8 Nxg3 0-1